Detalles MARC
| 000 -CABECERA |
| campo de control de longitud fija |
01604nam a2200265 a 4500 |
| 001 - NÚMERO DE CONTROL |
| campo de control |
000046729 |
| 003 - IDENTIFICADOR DEL NÚMERO DE CONTROL |
| campo de control |
DO-SdBNP |
| 005 - FECHA Y HORA DE LA ÚLTIMA TRANSACCIÓN |
| campo de control |
20230303144438.0 |
| 007 - CAMPO FIJO DE DESCRIPCIÓN FÍSICA--INFORMACIÓN GENERAL |
| campo de control de longitud fija |
ta |
| 008 - DATOS DE LONGITUD FIJA--INFORMACIÓN GENERAL |
| campo de control de longitud fija |
180327s2016 dr 000 0 spa d |
| 040 ## - FUENTE DE LA CATALOGACIÓN |
| Centro catalogador/agencia de origen |
DO-SdBNP |
| Lengua de catalogación |
spa |
| Centro/agencia transcriptor |
BNPHU |
| 082 #4 - NÚMERO DE LA CLASIFICACIÓN DECIMAL DEWEY |
| Número de clasificación |
343.034 |
| Número de documento/Ítem |
R426L 2016 |
| Número de edición |
22 |
| 110 2# - ENTRADA PRINCIPAL--NOMBRE DE ENTIDAD CORPORATIVA |
| Nombre de entidad corporativa o nombre de jurisdicción como elemento de entrada |
República Dominicana [Leyes, etc.] |
| 9 (RLIN) |
11088 |
| 245 10 - MENCIÓN DE TÍTULO |
| Título |
Ley de presupuesto general del Estado, 2016 : no. 260-15 |
| 260 ## - PUBLICACIÓN, DISTRIBUCIÓN, ETC. |
| Lugar de publicación, distribución, etc. |
Santo Domingo : |
| Nombre del editor, distribuidor, etc. |
Ministerio de Hacienda, |
| Fecha de publicación, distribución, etc. |
2016. |
| 300 ## - DESCRIPCIÓN FÍSICA |
| Extensión |
2v. ; |
| Otras características físicas |
il., |
| Dimensiones |
28 cm. |
| 505 2# - NOTA DE CONTENIDO CON FORMATO |
| Nota de contenido con formato |
v.1. Primera parte -- |
| Título |
Ley de presupuesto general del Estado 2016 -- |
| -- |
Informe explicativo y política presupuestaría 2016 -- |
| Información miscelánea |
Segunda parte -- |
| Título |
Anexos de la ley -- |
| Información miscelánea |
Tercera parte -- |
| Título |
Distribución institucional de los gastos -- |
| -- |
Poder Legislativo -- |
| -- |
Poder Ejecutivo -- |
| -- |
Poder Judicial -- |
| -- |
Organisms especiales -- |
| -- |
Catergorías institucionales -- |
| -- |
Otros detalles de gastos -- |
| 505 2# - NOTA DE CONTENIDO CON FORMATO |
| Nota de contenido con formato |
v. 2. Premera parte -- |
| Título |
Presupuesto de ingresos y gastos de las instituciones descentralizadas y autónomas no financieras -- |
| -- |
Instituciones descentralizadas y autónomas no financieras -- |
| Información miscelánea |
Segunda parte -- |
| Título |
Presupuesto de ingresos y gastos de las instituciones públicas de la seguridad social y asociaciones sin fines de lucro -- |
| 590 ## - NOTA LOCAL (RLIN) |
| Nota local |
Inventariado, 2018 /VM |
| 650 #4 - PUNTO DE ACCESO ADICIONAL DE MATERIA--TÉRMINO DE MATERIA |
| Término de materia o nombre geográfico como elemento de entrada |
Presupuesto |
| Subdivisión general |
Legislación |
| Subdivisión geográfica |
República Dominicana |
| 9 (RLIN) |
7940 |
| Subdivisión cronológica |
2016 |
| 650 #4 - PUNTO DE ACCESO ADICIONAL DE MATERIA--TÉRMINO DE MATERIA |
| Término de materia o nombre geográfico como elemento de entrada |
Hacienda pública |
| Subdivisión general |
Legislación |
| Subdivisión geográfica |
República Dominicana |
| 9 (RLIN) |
6562 |
| Subdivisión cronológica |
2016 |
| 650 #4 - PUNTO DE ACCESO ADICIONAL DE MATERIA--TÉRMINO DE MATERIA |
| Término de materia o nombre geográfico como elemento de entrada |
Gastos públicos |
| Subdivisión general |
Legislación |
| Subdivisión geográfica |
República Dominicana |
| Subdivisión cronológica |
2016 |
| 9 (RLIN) |
83119 |
| 910 ## - DATOS DE OPCIÓN DEL USUARIO (OCLC) |
| Datos de opción del usuario |
Validado. Control de calidad MFF |
| 942 ## - ELEMENTOS DE PUNTO DE ACCESO ADICIONAL (KOHA) |
| Fuente del sistema de clasificación o colocación |
Dewey Decimal Classification |
| Tipo de ítem Koha |
Libro |